000 00322 a2200121 4500
000 nam a22 7a 4500
005 20260206171455.0
020 _a9788179758069
100 _aJagarsingh Visht
_91114309
245 _aSahitya srijan ke kuch sandarbh
260 _bAnamika Publishers & Distributors
_c2024
942 _cTEXL
999 _c1678853
_d1678853